| 000 | 00959nas a2200301 4500 | ||
|---|---|---|---|
| 001 | BR2013010683 | ||
| 003 | BR-BrBNA | ||
| 005 | 20231205123510.0 | ||
| 007 | ta | ||
| 008 | 230509b bl.|||p| |||| 00| 00por d | ||
| 040 |
_aBR-BrBNA _bpor _cBiblioteca Nacional de Agricultura |
||
| 041 | _a(Pt) | ||
| 072 | _aP33 | ||
| 100 | 1 | _aMolin, J.P. | |
| 100 | 1 | _aGimenez, L.M. | |
| 100 | 1 | _aPauletti, V. | |
| 100 | 1 | _aSchmidhalter, U. | |
| 100 | 1 | _aHammer, J. | |
| 245 | 1 | _aMensuração da condutividade elétrica do solo por indução e sua correlação com fatores de produção | |
| 650 | _aFÍSICA DO SOLO | ||
| 650 | _aAGRICULTURA DE PRECISÃO | ||
| 650 | _aGRANULOMETRIA | ||
| 650 | _aPRODUTIVIDADE | ||
| 773 | 0 |
_tEngenharia Agrícola (Brazil) _xISSN 0100-6916 _g(May-Aug 2005), v. 25(2) p. 420-426 _wBR2013010683 |
|
| 856 | 4 | 0 | _uhttp://www.scielo.br/pdf/eagri/v25n2/26504.pdf |
| 909 |
_a202311 _bLúcia _c55 _dLúcia Elande |
||
| 942 |
_2AGRIS _n0 _cANA |
||
| 999 |
_c234213 _d234213 |
||